Statistics for Buddha Air Destinations-Kathmandu

Click here to take the quiz!

General Stats

  • This quiz has been taken 4 times
  • The average score is 2 of 13

Answer Stats

Country Airport % Correct
IndiaKolkata
100%
IndiaVaranasi
50%
NepalNepalgunj
25%
NepalPokhara
25%
NepalBhadrapur
0%
NepalBharatpur
0%
NepalBiratnagar
0%
NepalDhangadhi
0%
NepalJanakpur
0%
NepalSiddhartanagar
0%
NepalSimara
0%
NepalSurkhet
0%
NepalTumlingtar
0%

Score Distribution

Percentile by Number Answered

Percent of People with Each Score

Your Score History

You have not taken this quiz